[Event "Madrid ch Veteranos 2223"]
[Site "Madrid ESP"]
[Date "2023.04.17"]
[Round "1.24"]
[White "Vukotic Jovsic, Dragan"]
[Black "Martinez Miura, Enrique"]
[Result "1-0"]
[WhiteElo "1866"]
[BlackElo "1519"]
[PlyCount "47"]
[EventDate "2023.04.17"]
[EventType "swiss"]
[EventRounds "9"]
[EventCountry "ESP"]
[SourceTitle "Ajedrez en Madrid"]
[Source "lmi"]
[SourceDate "2023.04.17"]
[SourceVersion "1"]
[SourceVersionDate "2023.05.22"]
[SourceQuality "1"]

1. d4 d5 2. Nf3 Nf6 3. Bf4 e6 4. e3 Be7 5. Bd3 O-O 6. Ne5 Nbd7 7. Nd2 c5 8. c3
g6 9. g4 Nxe5 10. dxe5 Ne8 11. Nf3 Ng7 12. h4 Bd7 13. h5 g5 14. h6 Ne8 15. Nxg5
Bxg5 16. Bxg5 Qxg5 17. f4 Qe7 18. g5 d4 19. Bb1 dxc3 20. Qc2 f5 21. gxf6 Qf7
22. Rg1+ Kh8 23. Rg7 Nxg7 24. Qxh7# 1-0

[Event "Madrid ch Veteranos 2223"]
[Site "Madrid ESP"]
[Date "2023.04.17"]
[Round "1.25"]
[White "Lopez Guitian, Juan J."]
[Black "Rojas Pozo, Jose Luis"]
[Result "0-1"]
[WhiteElo "1518"]
[BlackElo "1865"]
[PlyCount "77"]
[EventDate "2023.04.17"]
[EventType "swiss"]
[EventRounds "9"]
[EventCountry "ESP"]
[SourceTitle "Ajedrez en Madrid"]
[Source "lmi"]
[SourceDate "2023.04.17"]
[SourceVersion "1"]
[SourceVersionDate "2023.05.22"]
[SourceQuality "1"]

1. e4 c5 2. Nc3 d6 3. Bc4 e6 4. d3 Nc6 5. a3 g6 6. Be3 Nf6 7. Qf3 Bg7 8. Nge2
a6 9. h4 Qc7 10. Bg5 Ne5 11. Qh3 h6 12. Bxf6 Bxf6 13. Ba2 Nc6 14. Qf3 Bg7 15.
Nd1 b5 16. c3 O-O 17. Qg3 Kh7 18. Rc1 Qe7 19. h5 g5 20. O-O Bb7 21. Bb1 Kh8 22.
Ne3 Be5 23. f4 gxf4 24. Nxf4 Rg8 25. Qf3 Qh4 26. g4 Rxg4+ 27. Nxg4 Rg8 28. Rc2
Rxg4+ 29. Ng2 Qh2+ 30. Kf2 Rf4 31. Ke3 Rxf3+ 32. Rxf3 Qg1+ 33. Rcf2 f6 34. Bc2
Qc1+ 35. Rd2 d5 36. Rff2 d4+ 37. Kf3 Qh1 38. Ke2 Qxh5+ 39. Ke1 0-1

[Event "Madrid ch Veteranos 2223"]
[Site "Madrid ESP"]
[Date "2023.04.17"]
[Round "1.26"]
[White "Camacho Casado, Demetrio"]
[Black "Becerra Baigorri, Jose"]
[Result "1-0"]
[WhiteElo "1862"]
[BlackElo "1505"]
[PlyCount "73"]
[EventDate "2023.04.17"]
[EventType "swiss"]
[EventRounds "9"]
[EventCountry "ESP"]
[SourceTitle "Ajedrez en Madrid"]
[Source "lmi"]
[SourceDate "2023.04.17"]
[SourceVersion "1"]
[SourceVersionDate "2023.05.22"]
[SourceQuality "1"]

1. d4 d5 2. Nc3 Nf6 3. Bf4 c6 4. e3 Bf5 5. f3 e6 6. g4 Bg6 7. h4 h5 8. g5 Nfd7
9. Bd3 Bxd3 10. Qxd3 g6 11. O-O-O Bb4 12. Nge2 Ba5 13. e4 Bc7 14. exd5 cxd5 15.
Nb5 Bxf4+ 16. Nxf4 Qb6 17. Rhe1 Kd8 18. c4 a6 19. Nc3 dxc4 20. Qxc4 Qc7 21.
Qxc7+ Kxc7 22. d5 e5 23. Nd3 Kd6 24. Ne4+ Kxd5 25. Nxe5+ Kxe5 26. Nf6+ Kf4 27.
Rd4+ Kg3 28. Ne4+ Kxf3 29. Nd2+ Kf2 30. Kd1 Nc5 31. Re2+ Kg3 32. Nf1+ Kf3 33.
Re3+ Kg2 34. Rd2+ Kg1 35. Re1 Nd3 36. Rxd3 Nc6 37. Rd2 1-0

[Event "Madrid ch Veteranos 2223"]
[Site "Madrid ESP"]
[Date "2023.04.17"]
[Round "1.27"]
[White "Ramos Antona, Enrique"]
[Black "Marin Aso, Jose Luis"]
[Result "0-1"]
[WhiteElo "1500"]
[BlackElo "1862"]
[PlyCount "100"]
[EventDate "2023.04.17"]
[EventType "swiss"]
[EventRounds "9"]
[EventCountry "ESP"]
[SourceTitle "Ajedrez en Madrid"]
[Source "lmi"]
[SourceDate "2023.04.17"]
[SourceVersion "1"]
[SourceVersionDate "2023.05.22"]
[SourceQuality "1"]

1. d4 Nf6 2. c4 g6 3. g3 Bg7 4. Bg2 O-O 5. Nc3 d6 6. Nf3 Nc6 7. d5 Na5 8. Nd2
c5 9. Qc2 a6 10. O-O Rb8 11. h3 b5 12. b3 b4 13. Nd1 Nxd5 14. Bb2 Nf6 15. e4
Nc6 16. Ne3 Nd4 17. Bxd4 cxd4 18. Nd1 Nd7 19. Rb1 Nc5 20. Nb2 f5 21. Rbe1 e5
22. Nd3 Qb6 23. Nxc5 Qxc5 24. Qd3 Bb7 25. Kh2 Bh6 26. f4 Rbe8 27. Re2 Qc8 28.
Ref2 exf4 29. gxf4 Bg7 30. Re2 Qd8 31. Rfe1 Bh6 32. Rf2 fxe4 33. Bxe4 Bxf4+ 34.
Kh1 Bxe4+ 35. Rxe4 Be5 36. Rg2 Qa8 37. Reg4 Re6 38. Kg1 Bg7 39. Ne4 Rfe8 40.
Ng3 Re3 41. Qd2 R8e7 42. Re2 Qf3 43. Rf2 Re1+ 44. Kh2 Qe3 45. Qxe3 R7xe3 46.
Kg2 d3 47. Rgf4 Rc1 48. Ne4 Rc2 49. Rxc2 dxc2 50. Rf1 Rxe4 0-1

[Event "Madrid ch Veteranos 2223"]
[Site "Madrid ESP"]
[Date "2023.04.17"]
[Round "1.28"]
[White "Lopez Molina, Santiago Jorge"]
[Black "Perez Fajardo, Daniel"]
[Result "1-0"]
[WhiteElo "1857"]
[BlackElo "1495"]
[PlyCount "59"]
[EventDate "2023.04.17"]
[EventType "swiss"]
[EventRounds "9"]
[EventCountry "ESP"]
[SourceTitle "Ajedrez en Madrid"]
[Source "lmi"]
[SourceDate "2023.04.17"]
[SourceVersion "1"]
[SourceVersionDate "2023.05.22"]
[SourceQuality "1"]

1. e4 e5 2. Nf3 d6 3. Bc4 Nf6 4. d4 exd4 5. Qxd4 Be7 6. Nc3 O-O 7. Bf4 Nc6 8.
Qe3 Nh5 9. O-O-O Nxf4 10. Qxf4 Qe8 11. Nd5 Bd8 12. Rhe1 h6 13. Kb1 Ne5 14. Bb3
Ng6 15. Qg3 Be6 16. e5 c6 17. exd6 cxd5 18. Bxd5 Qd7 19. Bxe6 fxe6 20. Qxg6 Rf6
21. Qd3 Rc8 22. Ne5 Qa4 23. f3 Rc5 24. Ng4 Rd5 25. Nxf6+ Bxf6 26. Qb3 Qc6 27.
Rxd5 exd5 28. Rd1 Kh8 29. Qxd5 Qb6 30. Qb3 1-0

[Event "Madrid ch Veteranos 2223"]
[Site "Madrid ESP"]
[Date "2023.04.17"]
[Round "1.29"]
[White "Yela Garcia, Carlos"]
[Black "Viñas Lopez, Carlos"]
[Result "0-1"]
[WhiteElo "1489"]
[BlackElo "1853"]
[PlyCount "136"]
[EventDate "2023.04.17"]
[EventType "swiss"]
[EventRounds "9"]
[EventCountry "ESP"]
[SourceTitle "Ajedrez en Madrid"]
[Source "lmi"]
[SourceDate "2023.04.17"]
[SourceVersion "1"]
[SourceVersionDate "2023.05.22"]
[SourceQuality "1"]

1. e4 c5 2. c4 Nc6 3. Nc3 g6 4. Nf3 Bg7 5. d3 e6 6. Be3 Nd4 7. Bxd4 cxd4 8. Nb5
Qb6 9. e5 a6 10. Nd6+ Kf8 11. Be2 Bxe5 12. Nxc8 Rxc8 13. Nxe5 Qa5+ 14. Qd2 Qxe5
15. O-O Kg7 16. Rac1 Ne7 17. Rfe1 Nc6 18. Bf3 Qc5 19. Bxc6 dxc6 20. f4 Rhe8 21.
Re5 Qd6 22. c5 Qd7 23. Rce1 f6 24. R5e4 Re7 25. Qf2 Rd8 26. Qe2 Kf7 27. g4 Qd5
28. h4 Rde8 29. b4 a5 30. Qf2 axb4 31. Qxd4 Rd8 32. Qxd5 Rxd5 33. Rd1 Rxc5 34.
Rxb4 Rc2 35. a4 Rd7 36. Rdb1 Rd2 37. Rxb7 R2xd3 38. a5 Rd1+ 39. Kf2 Ke7 40.
Rxd7+ Rxd7 41. a6 Rd2+ 42. Ke3 Ra2 43. Rb7+ Kd6 44. a7 h6 45. f5 Ra3+ 46. Kd2
exf5 47. gxf5 gxf5 48. Kc2 f4 49. Kb2 Ra6 50. Kc3 c5 51. Kc4 Kc6 52. Rf7 Kb6
53. Rxf6+ Kxa7 54. Rf7+ Kb6 55. Rf6+ Kb7 56. Rf7+ Kc8 57. Kxc5 Ra4 58. Kc6 Kd8
59. Kd6 Ke8 60. Rf6 Ra6+ 61. Ke5 Rxf6 62. Kxf6 Kf8 63. Kg6 Kg8 64. Kxh6 f3 65.
Kg6 f2 66. h5 f1=Q 67. h6 Qh3 68. Kg5 Kh7 0-1

[Event "Madrid ch Veteranos 2223"]
[Site "Madrid ESP"]
[Date "2023.04.17"]
[Round "1.30"]
[White "Fernandez Garcia, Ignacio"]
[Black "Menendez Domens, Juan Manuel"]
[Result "1-0"]
[WhiteElo "1851"]
[BlackElo "1460"]
[PlyCount "71"]
[EventDate "2023.04.17"]
[EventType "swiss"]
[EventRounds "9"]
[EventCountry "ESP"]
[SourceTitle "Ajedrez en Madrid"]
[Source "lmi"]
[SourceDate "2023.04.17"]
[SourceVersion "1"]
[SourceVersionDate "2023.05.22"]
[SourceQuality "1"]

1. e4 d5 2. exd5 Nf6 3. Nc3 Nxd5 4. Qf3 c6 5. Bc4 e6 6. Nge2 Bc5 7. Ne4 Bb6 8.
d4 h6 9. c3 Bc7 10. Qg4 Rg8 11. Bxh6 f5 12. Qg6+ Kf8 13. Ng5 Qd7 14. Nh7+ Ke7
15. Bxd5 cxd5 16. Bxg7 Qe8 17. Qg5+ Kd6 18. Nf6 Qd8 19. Qh6 Nd7 20. Nxg8 Qxg8
21. O-O b6 22. Rfe1 Kc6 23. Ng3 Nb8 24. Nxf5 Qf7 25. Ne3 Bxh2+ 26. Kxh2 Qxf2
27. Rf1 Qxb2 28. c4 Na6 29. cxd5+ Kb7 30. dxe6 Nc7 31. d5 Qb4 32. Be5 Qe4 33.
Bxc7 Kxc7 34. Qf4+ Qxf4+ 35. Rxf4 Bb7 36. Rf7+ 1-0

[Event "Madrid ch Veteranos 2223"]
[Site "Madrid ESP"]
[Date "2023.04.17"]
[Round "1.31"]
[White "Infante Martin, Alonso"]
[Black "Marcos Herrero, Francisco"]
[Result "0-1"]
[WhiteElo "1457"]
[BlackElo "1830"]
[PlyCount "40"]
[EventDate "2023.04.17"]
[EventType "swiss"]
[EventRounds "9"]
[EventCountry "ESP"]
[SourceTitle "Ajedrez en Madrid"]
[Source "lmi"]
[SourceDate "2023.04.17"]
[SourceVersion "1"]
[SourceVersionDate "2023.05.22"]
[SourceQuality "1"]

1. d4 Nf6 2. Nf3 c5 3. d5 e6 4. c4 b5 5. b3 bxc4 6. bxc4 g6 7. Nc3 Bg7 8. Rb1
O-O 9. e4 d6 10. Be2 exd5 11. exd5 Bf5 12. Bd3 Re8+ 13. Be3 Ng4 14. Rc1 Nxe3
15. fxe3 Rxe3+ 16. Kf2 Rxd3 17. Qe1 Nd7 18. h3 Ne5 19. Ne2 Rxf3+ 20. gxf3 Nd3+
0-1

[Event "Madrid ch Veteranos 2223"]
[Site "Madrid ESP"]
[Date "2023.04.17"]
[Round "1.32"]
[White "Ruiz Quevedo, Andres"]
[Black "De Juan Rivas, Antonio"]
[Result "0-1"]
[WhiteElo "1827"]
[BlackElo "1408"]
[PlyCount "38"]
[EventDate "2023.04.17"]
[EventType "swiss"]
[EventRounds "9"]
[EventCountry "ESP"]
[SourceTitle "Ajedrez en Madrid"]
[Source "lmi"]
[SourceDate "2023.04.17"]
[SourceVersion "1"]
[SourceVersionDate "2023.05.22"]
[SourceQuality "1"]

1. c4 f5 2. g3 Nf6 3. Bg2 e6 4. Nf3 Be7 5. O-O O-O 6. d3 d6 7. Nc3 Nc6 8. Rb1
e5 9. b4 Qe8 10. Nd5 Bd8 11. b5 Ne7 12. Nxf6+ Rxf6 13. c5 Kh8 14. Qc2 Qh5 15.
Rb4 f4 16. cxd6 cxd6 17. Kh1 Bh3 18. Bxh3 Qxh3 19. gxf4 Qxf1+ 0-1

[Event "Madrid ch Veteranos 2223"]
[Site "Madrid ESP"]
[Date "2023.04.17"]
[Round "1.33"]
[White "Calle Trueba, Jose Antonio"]
[Black "Martin Garcia, Luis I"]
[Result "0-1"]
[WhiteElo "1381"]
[BlackElo "1814"]
[PlyCount "60"]
[EventDate "2023.04.17"]
[EventType "swiss"]
[EventRounds "9"]
[EventCountry "ESP"]
[SourceTitle "Ajedrez en Madrid"]
[Source "lmi"]
[SourceDate "2023.04.17"]
[SourceVersion "1"]
[SourceVersionDate "2023.05.22"]
[SourceQuality "1"]

1. c4 e5 2. g3 Nc6 3. Bg2 f5 4. Nc3 Nf6 5. d3 Bc5 6. Nf3 d6 7. Bg5 h6 8. Bxf6
Qxf6 9. Nd5 Qf7 10. O-O O-O 11. a3 a5 12. Qd2 a4 13. e3 Na5 14. Qc3 Nb3 15.
Rad1 c6 16. Nb4 Be6 17. Nd2 Nxd2 18. Qxd2 f4 19. exf4 exf4 20. gxf4 Bg4 21.
Rde1 Qxf4 22. Qxf4 Rxf4 23. Re4 Raf8 24. d4 Bxd4 25. Rxf4 Rxf4 26. Nd3 Rf6 27.
Re1 Bf5 28. Be4 c5 29. Bxf5 Rxf5 30. Re6 Rf3 0-1

[Event "Madrid ch Veteranos 2223"]
[Site "Madrid ESP"]
[Date "2023.04.17"]
[Round "1.34"]
[White "Garcia Martin, Esteban"]
[Black "Rosado Sanchez, Jose Ignacio"]
[Result "1-0"]
[WhiteElo "1809"]
[BlackElo "1377"]
[PlyCount "79"]
[EventDate "2023.04.17"]
[EventType "swiss"]
[EventRounds "9"]
[EventCountry "ESP"]
[SourceTitle "Ajedrez en Madrid"]
[Source "lmi"]
[SourceDate "2023.04.17"]
[SourceVersion "1"]
[SourceVersionDate "2023.05.22"]
[SourceQuality "1"]

1. c4 g6 2. Nc3 c5 3. g3 Bg7 4. Bg2 Nc6 5. d3 Nf6 6. e4 O-O 7. Nge2 Rb8 8. O-O
a6 9. a4 d6 10. h3 Bd7 11. Be3 Ne8 12. d4 b6 13. f4 f5 14. exf5 Nxd4 15. fxg6
hxg6 16. Nxd4 cxd4 17. Bxd4 e5 18. Be3 Qc8 19. Kh2 Bc6 20. Nd5 Qb7 21. Qg4 Nf6
22. Qxg6 Nxd5 23. Qe6+ Qf7 24. Qxf7+ Rxf7 25. cxd5 Bd7 26. fxe5 Rxf1 27. Rxf1
Bxe5 28. b3 b5 29. a5 Rc8 30. Bf4 Rf8 31. Bxe5 Rxf1 32. Bxf1 dxe5 33. Bd3 Kg7
34. g4 Kf6 35. Kg3 Be8 36. h4 Bf7 37. Be4 Ke7 38. h5 b4 39. h6 Kf6 40. g5+ 1-0

[Event "Madrid ch Veteranos 2223"]
[Site "Madrid ESP"]
[Date "2023.04.17"]
[Round "1.35"]
[White "Abad Martin-Camuñas, Luis"]
[Black "Fernandez Aransay, Fernando"]
[Result "0-1"]
[WhiteElo "1366"]
[BlackElo "1808"]
[PlyCount "82"]
[EventDate "2023.04.17"]
[EventType "swiss"]
[EventRounds "9"]
[EventCountry "ESP"]
[SourceTitle "Ajedrez en Madrid"]
[Source "lmi"]
[SourceDate "2023.04.17"]
[SourceVersion "1"]
[SourceVersionDate "2023.05.22"]
[SourceQuality "1"]

1. e4 c5 2. Nf3 d6 3. d4 cxd4 4. Nxd4 Nf6 5. Nc3 g6 6. h3 Bg7 7. Be3 O-O 8. Bc4
Nc6 9. Qd2 Bd7 10. O-O-O Rc8 11. Bb3 Nxd4 12. Bxd4 a5 13. Rhe1 b5 14. a3 b4 15.
axb4 axb4 16. Na2 Qa5 17. Qxb4 Qg5+ 18. Qd2 Qxg2 19. Qe3 Qxh3 20. Qxh3 Bxh3 21.
Kb1 Bg4 22. Rd3 Nd7 23. Bxg7 Kxg7 24. f3 Bh5 25. Rde3 Nc5 26. Bc4 g5 27. b3 Bg6
28. e5 Nb7 29. exd6 Nxd6 30. Bd3 Nf5 31. Bxf5 Bxf5 32. Rc3 e6 33. Kb2 h5 34.
Rxc8 Rxc8 35. Nc3 h4 36. Rg1 Kh6 37. Rg2 f6 38. Nd1 e5 39. Ne3 Be6 40. Ng4+ Kg6
41. Kc1 Bxb3 0-1

[Event "Madrid ch Veteranos 2223"]
[Site "Madrid ESP"]
[Date "2023.04.17"]
[Round "1.36"]
[White "Fiz Criado, Fidel"]
[Black "Lopez Manso, Jeronimo"]
[Result "1-0"]
[WhiteElo "1807"]
[BlackElo "1358"]
[PlyCount "101"]
[EventDate "2023.04.17"]
[EventType "swiss"]
[EventRounds "9"]
[EventCountry "ESP"]
[SourceTitle "Ajedrez en Madrid"]
[Source "lmi"]
[SourceDate "2023.04.17"]
[SourceVersion "1"]
[SourceVersionDate "2023.05.22"]
[SourceQuality "1"]

1. e4 Nf6 2. e5 Nd5 3. c4 Nb6 4. c5 Nd5 5. Nc3 c6 6. Bc4 e6 7. Ne4 b5 8. Bb3 a5
9. Qg4 a4 10. Bxd5 cxd5 11. Nd6+ Bxd6 12. cxd6 O-O 13. d4 f5 14. Qg3 Nc6 15.
Nf3 Qb6 16. Qf4 b4 17. O-O Ba6 18. Re1 Bd3 19. Be3 Na5 20. Nd2 Rac8 21. Rac1
Rc2 22. Rxc2 Bxc2 23. h4 Rc8 24. Rc1 b3 25. a3 Qa6 26. Qg5 Nc4 27. Nxc4 dxc4
28. Bd2 Qb6 29. Bc3 Qc6 30. Re1 h6 31. Qg6 f4 32. Qg4 Rf8 33. g3 f3 34. Re3 Qd5
35. Qh3 h5 36. g4 hxg4 37. Qxg4 Qa8 38. Kh2 Qd8 39. Kg3 Bd1 40. d5 Qe8 41. dxe6
Qxe6 42. Qxe6+ dxe6 43. Re4 Be2 44. Rd4 Rd8 45. Kf4 Rd7 46. Ke3 Kh7 47. Rf4 Kg6
48. Kd4 Kh5 49. Kc5 g5 50. hxg5 Kxg5 51. Rf8 1-0

[Event "Madrid ch Veteranos 2223"]
[Site "Madrid ESP"]
[Date "2023.04.17"]
[Round "1.37"]
[White "Plaza Plaza, Prudencio"]
[Black "Pashov, Spas Nikolov"]
[Result "1/2-1/2"]
[WhiteElo "1299"]
[BlackElo "1794"]
[PlyCount "39"]
[EventDate "2023.04.17"]
[EventType "swiss"]
[EventRounds "9"]
[EventCountry "ESP"]
[SourceTitle "Ajedrez en Madrid"]
[Source "lmi"]
[SourceDate "2023.04.17"]
[SourceVersion "1"]
[SourceVersionDate "2023.05.22"]
[SourceQuality "1"]

1. d4 Nf6 2. Nc3 d5 3. Bg5 e6 4. e4 dxe4 5. Nxe4 Be7 6. Bxf6 Bxf6 7. Nf3 b6 8.
c3 O-O 9. Bd3 a5 10. h4 Bb7 11. Qc2 Be7 12. O-O-O Nd7 13. Rh3 Ba6 14. Bxa6 Rxa6
15. Qd3 Qc8 16. g4 c5 17. dxc5 Nxc5 18. Nxc5 bxc5 19. Qd7 Qxd7 20. Rxd7 1/2-1/2

[Event "Madrid ch Veteranos 2223"]
[Site "Madrid ESP"]
[Date "2023.04.17"]
[Round "1.38"]
[White "Pareja Vicente, Antonio"]
[Black "Siddiqie, Kausar Iqbal"]
[Result "1-0"]
[WhiteElo "1783"]
[BlackElo "1265"]
[PlyCount "81"]
[EventDate "2023.04.17"]
[EventType "swiss"]
[EventRounds "9"]
[EventCountry "ESP"]
[SourceTitle "Ajedrez en Madrid"]
[Source "lmi"]
[SourceDate "2023.04.17"]
[SourceVersion "1"]
[SourceVersionDate "2023.05.22"]
[SourceQuality "1"]

1. e4 e5 2. Nc3 Nf6 3. Bc4 Bc5 4. d3 h6 5. f4 d6 6. f5 c6 7. Qe2 h5 8. a4 O-O
9. Be3 Qb6 10. Bxc5 Qxc5 11. g4 d5 12. exd5 cxd5 13. Bb3 Bd7 14. h3 Nc6 15. Nf3
Nd4 16. Qf2 Qb4 17. O-O Nxb3 18. cxb3 Qxb3 19. Nxe5 Bc6 20. Qc5 Rfc8 21. Qe7 d4
22. Ra3 Qxb2 23. Qxf7+ Kh8 24. Nxc6 Rxc6 25. Rb3 Qc2 26. Rxb7 Rg8 27. Nd5 Qxd3
28. Nf4 Qg3+ 29. Kh1 Ne4 30. Rb2 d3 31. Qd5 Rc2 32. Rxc2 dxc2 33. Qxe4 Qc3 34.
Rc1 Rc8 35. f6 Qxf6 36. Ng6+ Kg8 37. Ne7+ Kf7 38. Nxc8 Qc3 39. Rf1+ Kg8 40.
Ne7+ Kh8 41. Rf8# 1-0

[Event "Madrid ch Veteranos 2223"]
[Site "Madrid ESP"]
[Date "2023.04.17"]
[Round "1.39"]
[White "Carbo de Haya, Jaime"]
[Black "Hernandez Gutierrez, Jose"]
[Result "1-0"]
[WhiteElo "1238"]
[BlackElo "1767"]
[PlyCount "95"]
[EventDate "2023.04.17"]
[EventType "swiss"]
[EventRounds "9"]
[EventCountry "ESP"]
[SourceTitle "Ajedrez en Madrid"]
[Source "lmi"]
[SourceDate "2023.04.17"]
[SourceVersion "1"]
[SourceVersionDate "2023.05.22"]
[SourceQuality "1"]

1. e4 c6 2. d4 d5 3. e5 Bf5 4. Bd3 Bxd3 5. Qxd3 e6 6. Nf3 Qa5+ 7. Bd2 Qa6 8.
Qe3 Ne7 9. Nh4 Nd7 10. Nc3 c5 11. dxc5 Nc6 12. Qg3 Nxc5 13. f4 Nb4 14. Kd1 d4
15. Nb1 Nd5 16. Re1 d3 17. Na3 dxc2+ 18. Nxc2 Nd3 19. Re4 Nxb2+ 20. Kc1 Nd3+
21. Kd1 Rc8 22. Rd4 Nb2+ 23. Kc1 Qc6 24. Qb3 Ba3 25. Kb1 Nc4 26. Rxc4 Qxc4 27.
Qxc4 Rxc4 28. Nxa3 Rd4 29. Kc2 Kd7 30. Nf3 Rc8+ 31. Kd1 Rd3 32. Nb5 Nxf4 33.
Ne1 Rd5 34. Nd6 Rf8 35. Rc1 Ng6 36. Nf3 Nxe5 37. Nxe5+ Kxd6 38. Nc4+ Kd7 39.
Ke2 Rc8 40. Ne3 Rdc5 41. Rxc5 Rxc5 42. Kd3 b5 43. Bb4 Rh5 44. h3 Kc6 45. Kd4
Rh4+ 46. Kc3 Re4 47. Nc2 Re2 48. Nd4+ 1-0

[Event "Madrid ch Veteranos 2223"]
[Site "Madrid ESP"]
[Date "2023.04.17"]
[Round "1.40"]
[White "Sanchez Peral, Pedro"]
[Black "Gonzalez Hormigos, Carlos Manuel"]
[Result "1-0"]
[WhiteElo "1761"]
[BlackElo "1116"]
[PlyCount "57"]
[EventDate "2023.04.17"]
[EventType "swiss"]
[EventRounds "9"]
[EventCountry "ESP"]
[SourceTitle "Ajedrez en Madrid"]
[Source "lmi"]
[SourceDate "2023.04.17"]
[SourceVersion "1"]
[SourceVersionDate "2023.05.22"]
[SourceQuality "1"]

1. e4 e6 2. d4 b6 3. Bd3 Bb7 4. Nc3 Nf6 5. Nge2 Bb4 6. O-O O-O 7. Bg5 Be7 8.
Qd2 d5 9. Bxf6 Bxf6 10. e5 Bg5 11. f4 Bh6 12. Qe3 f5 13. exf6 Qxf6 14. Rae1 Nd7
15. Nb5 Rfc8 16. Ng3 a6 17. Nc3 Re8 18. Nh5 Qf7 19. Qh3 Nf6 20. Nxf6+ Qxf6 21.
Re5 c5 22. dxc5 bxc5 23. Rfe1 Bc8 24. Nxd5 Qf7 25. Nb6 Rb8 26. Nxc8 Rbxc8 27.
Bc4 Kf8 28. f5 Qxf5 29. Rxf5+ 1-0

[Event "Madrid ch Veteranos 2223"]
[Site "Madrid ESP"]
[Date "2023.04.18"]
[Round "2.1"]
[White "Moreno Ruiz, Javier"]
[Black "Martin Martin, Luis Vicente"]
[Result "1-0"]
[WhiteElo "2427"]
[BlackElo "1871"]
[PlyCount "57"]
[EventDate "2023.04.17"]
[EventType "swiss"]
[EventRounds "9"]
[EventCountry "ESP"]
[SourceTitle "Ajedrez en Madrid"]
[Source "lmi"]
[SourceDate "2023.04.17"]
[SourceVersion "1"]
[SourceVersionDate "2023.05.22"]
[SourceQuality "1"]

1. e4 e6 2. d4 d5 3. Nc3 dxe4 4. Nxe4 Nd7 5. Nf3 Ngf6 6. Bg5 h6 7. Nxf6+ Nxf6
8. Be3 Bd6 9. Bd3 O-O 10. Qe2 Nd5 11. Bd2 Bf4 12. c4 Bxd2+ 13. Qxd2 Nf6 14. O-O
b6 15. Rad1 Bb7 16. Qe3 Qd6 17. Ne5 c5 18. dxc5 Qxc5 19. Qxc5 bxc5 20. Bc2 Rfd8
21. Ba4 Rac8 22. f3 Kf8 23. Kf2 Ke7 24. Ke3 Rxd1 25. Rxd1 Rc7 26. Rd3 Nh7 27.
Ra3 Nf8 28. Bb5 f6 29. Rxa7 1-0

[Event "Madrid ch Veteranos 2223"]
[Site "Madrid ESP"]
[Date "2023.04.18"]
[Round "2.2"]
[White "De Paz Nistal, Santiago"]
[Black "Elissalt Cardenas, Hector"]
[Result "0-1"]
[WhiteElo "1866"]
[BlackElo "2320"]
[PlyCount "72"]
[EventDate "2023.04.17"]
[EventType "swiss"]
[EventRounds "9"]
[EventCountry "ESP"]
[SourceTitle "Ajedrez en Madrid"]
[Source "lmi"]
[SourceDate "2023.04.17"]
[SourceVersion "1"]
[SourceVersionDate "2023.05.22"]
[SourceQuality "1"]

1. e4 d6 2. d4 Nf6 3. Nc3 e5 4. dxe5 dxe5 5. Qxd8+ Kxd8 6. Bc4 Be6 7. Bxe6 fxe6
8. Be3 Bd6 9. O-O-O Ke7 10. f3 Nbd7 11. Nh3 h6 12. Nf2 a6 13. a3 b5 14. Kb1
Rhc8 15. h4 Rf8 16. Ne2 a5 17. Rc1 Rab8 18. Ka2 b4 19. a4 c5 20. b3 c4 21. Rhd1
Bc5 22. Bxc5+ Nxc5 23. Ng3 Rfc8 24. Nf1 Ncd7 25. Ne3 Nb6 26. Nfg4 Nfd7 27. Nf2
Rc6 28. Nfg4 Rc5 29. Nxc4 Nxc4 30. bxc4 Nb6 31. Kb3 Nxc4 32. Rd3 Rbc8 33. c3
Rb8 34. Ne3 bxc3+ 35. Kc2 Rb2+ 36. Kxc3 Rb4 0-1

[Event "Madrid ch Veteranos 2223"]
[Site "Madrid ESP"]
[Date "2023.04.18"]
[Round "2.4"]
[White "Rojas Pozo, Jose Luis"]
[Black "Longa Yauca, Javier"]
[Result "1/2-1/2"]
[WhiteElo "1865"]
[BlackElo "2219"]
[PlyCount "60"]
[EventDate "2023.04.17"]
[EventType "swiss"]
[EventRounds "9"]
[EventCountry "ESP"]
[SourceTitle "Ajedrez en Madrid"]
[Source "lmi"]
[SourceDate "2023.04.17"]
[SourceVersion "1"]
[SourceVersionDate "2023.05.22"]
[SourceQuality "1"]

1. d4 Nf6 2. c4 d6 3. Nc3 Nbd7 4. e4 e5 5. Be3 g6 6. d5 Bg7 7. Bd3 O-O 8. f3 c6
9. Qd2 Re8 10. Nge2 h6 11. O-O Nf8 12. Rad1 cxd5 13. cxd5 b5 14. b4 Bd7 15. Rc1
Qb8 16. Rb1 Rc8 17. Rfc1 Be8 18. Nd1 Qb7 19. Rxc8 Rxc8 20. Rc1 Bd7 21. Rxc8
Bxc8 22. Nc1 Nh5 23. Qc2 Nf4 24. Bf1 f5 25. Nb3 Bd7 26. Na5 Qb8 27. Nc6 Qb7 28.
Na5 Qb8 29. Nc6 Qb7 30. Na5 Qb8 1/2-1/2

[Event "Madrid ch Veteranos 2223"]
[Site "Madrid ESP"]
[Date "2023.04.18"]
[Round "2.5"]
[White "Pastor Alonso De Prado, Alberto"]
[Black "Camacho Casado, Demetrio"]
[Result "1-0"]
[WhiteElo "2071"]
[BlackElo "1862"]
[PlyCount "61"]
[EventDate "2023.04.17"]
[EventType "swiss"]
[EventRounds "9"]
[EventCountry "ESP"]
[SourceTitle "Ajedrez en Madrid"]
[Source "lmi"]
[SourceDate "2023.04.17"]
[SourceVersion "1"]
[SourceVersionDate "2023.05.22"]
[SourceQuality "1"]

1. Nf3 Nf6 2. d4 e6 3. g3 c5 4. Bg2 Nc6 5. O-O d5 6. c4 dxc4 7. Qa4 Bd7 8. Qxc4
b5 9. Qd3 cxd4 10. Nxd4 Nb4 11. Qb3 Rc8 12. a3 Na6 13. Rd1 Nc5 14. Qe3 Qb6 15.
Nc3 Be7 16. b4 Na4 17. Nxa4 bxa4 18. Bb2 O-O 19. Rac1 Rfd8 20. h3 Be8 21. Nf5
Rxd1+ 22. Rxd1 Bf8 23. Nh6+ gxh6 24. Qxb6 axb6 25. Bxf6 Bg7 26. Bxg7 Kxg7 27.
Rd6 Rc3 28. Rxb6 Rxa3 29. Rb8 Bd7 30. b5 Rb3 31. b6 1-0

[Event "Madrid ch Veteranos 2223"]
[Site "Madrid ESP"]
[Date "2023.04.18"]
[Round "2.7"]
[White "Barraza Caracuel, Ignacio"]
[Black "Fernandez Garcia, Ignacio"]
[Result "1/2-1/2"]
[WhiteElo "2048"]
[BlackElo "1851"]
[PlyCount "62"]
[EventDate "2023.04.17"]
[EventType "swiss"]
[EventRounds "9"]
[EventCountry "ESP"]
[SourceTitle "Ajedrez en Madrid"]
[Source "lmi"]
[SourceDate "2023.04.17"]
[SourceVersion "1"]
[SourceVersionDate "2023.05.22"]
[SourceQuality "1"]

1. Nf3 d5 2. g3 Nf6 3. Bg2 g6 4. b3 Bg7 5. Bb2 O-O 6. O-O Re8 7. d4 c6 8. c4
Bf5 9. Nc3 Ne4 10. e3 Nxc3 11. Bxc3 Be4 12. Qd2 Nd7 13. Rfd1 e6 14. Rac1 a5 15.
Ne5 Bxg2 16. Kxg2 a4 17. Qb2 axb3 18. axb3 Nxe5 19. dxe5 Qc7 20. c5 b6 21. cxb6
Qxb6 22. Bd4 Qb7 23. Bc5 Ra6 24. b4 Rea8 25. Rd2 h5 26. Qd4 Ra2 27. Rcc2 Ra1
28. Bd6 Bf8 29. Qc5 Qa6 30. Re2 Qd3 31. Qd4 Qb5 1/2-1/2